Statistiques concernant Pays d'Amérique Centrale quiz

Cliquez ici pour prendre le quiz!

Statistiques générales

  • Ce quiz a été pris 11,795 fois
  • Le résultat moyen est 6 sur 7

Statistiques - réponses

Pays % Correct
Panama
94%
Honduras
89%
Costa Rica
87%
Guatemala
85%
Nicaragua
85%
Belize
81%
Salvador
77%

Distribution des résultats

Percentile par nombre de réponses

% des personnes avec chaque résultat

Votre développement - résultats

Vous n’avez pas pris ce quiz